00528 2200181 4500001002100000005001500021035002000036008004100056245005000097100002500147260004600172300002400218020001800242084002000260082001400280650003800294990001400332INLIS00000000000000720260413015935 a0010-0317000005260413 0 1 a100 Tanya-jawab kesehatan harian untuk lansia aMuhammad, Najamuddin aYogyakarta :bJog Tunas publishing,c2010 a233 hlm. ;c20,5 cm a9786029555400 a613.043 8 Muh s a613.043 8 aOLDER PEOPLE - HEALTH AND HYGIENE a057610211